[Event "EU-ch Amateur Online Final 1400/1700"]
[Site "Tornelo INT"]
[Date "2021.04.18"]
[Round "2"]
[White "Pletsias, Dimitrios"]
[Black "Cadieu, Corentin"]
[Result "1/2-1/2"]
[WhiteElo "1067"]
[BlackElo "1524"]
[PlyCount "99"]
[EventDate "2021.04.18"]
[EventType "swiss (rapid)"]
[EventRounds "9"]
[EventCountry "NET"]
[SourceTitle "EXT 2023"]
[Source "ChessBase"]
[SourceDate "2022.10.05"]
[SourceVersion "1"]
[SourceVersionDate "2022.10.05"]
[SourceQuality "1"]

1. e4 e6 2. d4 d5 3. exd5 exd5 4. c3 Nf6 5. Nf3 Bd6 6. Be2 0-0 7. Nbd2 Bg4 8. 0-0 c6 9. Re1 Re8 10. b4 a6 11. a4 Nbd7 12. Bb2 Qc7 13. a5 Ne4 14. h3 Bh5 15. Nxe4 Rxe4 16. Bd3 Rxe1+ 17. Qxe1 Bxf3 18. gxf3 Nf6 19. Qf1 Nh5 20. Re1 Qd7 21. Bc1 Re8 22. Rxe8+ Qxe8 23. Bd2 g6 24. Bh6 Qe6 25. Qe2 Bf4 26. Qxe6 fxe6 27. Bxf4 Nxf4 28. Bf1 Kf7 29. Kh2 Kf6 30. Kg3 g5 31. Kg4 h5+ 32. Kg3 h4+ 33. Kg4 Kg6 34. c4 Kf6 35. b5 axb5 36. cxb5 cxb5 37. Bxb5 Ng6 38. Be8 Ne7 39. Bd7 Nf5 40. Bc8 Nxd4 41. Bxb7 Nb5 42. Ba6 Na7 43. Bd3 e5 44. Bc2 d4 45. Bd3 Nc6 46. a6 Na7 47. Kh5 Nc6 48. Kg4 Na7 49. Kh5 Nc6 50. Kg4 1/2-1/2

[Event "EU-ch Amateur Online 1400/1700"]
[Site "Tornelo INT"]
[Date "2021.04.17"]
[Round "7"]
[White "Pletsias, Dimitrios"]
[Black "Petrovski, Stojanche"]
[Result "1-0"]
[WhiteElo "1067"]
[BlackElo "1472"]
[PlyCount "59"]
[EventDate "2021.04.17"]
[EventType "swiss (rapid)"]
[EventRounds "8"]
[EventCountry "NET"]
[SourceTitle "EXT 2023"]
[Source "ChessBase"]
[SourceDate "2022.10.05"]
[SourceVersion "1"]
[SourceVersionDate "2022.10.05"]
[SourceQuality "1"]

1. e3 Nf6 2. d4 d5 3. Nf3 Bg4 4. c4 c6 5. h3 Bh5 6. Nc3 e6 7. Be2 Bb4 8. cxd5 exd5 9. Qb3 Bxc3+ 10. bxc3 Qc7 11. Ba3 Nbd7 12. 0-0 Ne4 13. Qc2 Qa5 14. Bb4 Qc7 15. c4 Nef6 16. cxd5 Nxd5 17. Qe4+ Kd8 18. Ba3 Bg6 19. Qh4+ f6 20. Rac1 Qa5 21. Bd6 Re8 22. Ne5 Nxe5 23. dxe5 Kd7 24. Rfd1 fxe5 25. Bb4 Qxa2 26. Bc4 Qb2 27. Bxd5 cxd5 28. Qg4+ Re6 29. Rxd5+ Ke8 30. Qxe6# 1-0

[Event "GRE-chT Online Rapid op 1st"]
[Site "Tornelo INT"]
[Date "2021.02.20"]
[Round "1.28"]
[White "Stamoulis, Ilias"]
[Black "Pletsias, Dimitrios"]
[Result "1-0"]
[WhiteElo "1935"]
[BlackElo "1067"]
[PlyCount "147"]
[EventDate "2021.02.20"]
[EventType "team-swiss (rapid)"]
[EventRounds "9"]
[EventCountry "GRE"]
[SourceTitle "EXT 2023"]
[Source "ChessBase"]
[SourceDate "2022.10.05"]
[SourceVersion "1"]
[SourceVersionDate "2022.10.05"]
[SourceQuality "1"]

1. e4 c5 2. Nf3 d6 3. d4 cxd4 4. Nxd4 Nf6 5. Nc3 g6 6. f3 Bg7 7. Be3 0-0 8. Qd2 Nc6 9. 0-0-0 Bd7 10. Kb1 Nxd4 11. Bxd4 a6 12. Bc4 b5 13. Bb3 Rc8 14. g4 a5 15. a4 bxa4 16. Nxa4 Bxa4 17. Bxa4 Rc4 18. Bb3 Nxe4 19. Qe3 Rxd4 20. Rxd4 Bxd4 21. Qxd4 Nc5 22. Ba2 Qb6 23. h4 Rb8 24. h5 e5 25. Qc3 Na4 26. Qb3 Qxb3 27. Bxb3 Nc5 28. Bd5 Kg7 29. g5 Ne6 30. h6+ Kf8 31. Bxe6 fxe6 32. Rd1 Ke7 33. c3 Rb5 34. Kc2 Rd5 35. Rf1 Kd7 36. b3 Kc6 37. Rf2 Kc5 38. Re2 Kc6 39. Re4 Rb5 40. Rc4+ Rc5 41. Re4 Kd5 42. Kd3 Kc6 43. c4 d5 44. Re1 dxc4+ 45. bxc4 Kd6 46. Kc3 Kc6 47. Rd1 e4 48. f4 Rf5 49. Rf1 e5 50. Re1 Rxf4 51. Kd2 Kc5 52. Rb1 Kxc4 53. Rb7 Rf2+ 54. Ke3 Rf4 55. Rxh7 Kd5 56. Rd7+ Ke6 57. Ra7 Rh4 58. Ra6+ Kd7 59. Rxg6 a4 60. Ra6 a3 61. h7 Rxh7 62. Ra7+ Ke6 63. Rxh7 a2 64. Rh1 Kf7 65. Ra1 Kg6 66. Rxa2 Kxg5 67. Kxe4 Kf6 68. Rf2+ Ke7 69. Kxe5 Kd7 70. Rf7+ Ke8 71. Ra7 Kd8 72. Kd6 Kc8 73. Rh7 Kb8 74. Kc6 1-0

[Event "GRE-ch Online Rapid op 1st"]
[Site "Tornelo INT"]
[Date "2021.02.06"]
[Round "8"]
[White "Pletsias, Dimitrios"]
[Black "Konstantinomanolakis, Stavros"]
[Result "1-0"]
[WhiteElo "1168"]
[BlackElo "1482"]
[PlyCount "61"]
[EventDate "2021.02.06"]
[EventType "swiss (rapid)"]
[EventRounds "8"]
[EventCountry "GRE"]
[SourceTitle "EXT 2023"]
[Source "ChessBase"]
[SourceDate "2022.10.05"]
[SourceVersion "1"]
[SourceVersionDate "2022.10.05"]
[SourceQuality "1"]

1. e4 Nf6 2. d3 e5 3. Nf3 d5 4. exd5 Qxd5 5. Nc3 Bb4 6. Bd2 Qd6 7. Be2 0-0 8. 0-0 Be6 9. a3 Bxc3 10. Bxc3 Nc6 11. Re1 Nd5 12. Bd2 f5 13. Ng5 Bd7 14. Bf3 Nf6 15. Bxc6 Bxc6 16. Bb4 Qd5 17. Nf3 Rfe8 18. c4 Qd8 19. Rxe5 Rxe5 20. Nxe5 Qd4 21. Nxc6 bxc6 22. Qf3 Re8 23. Bc3 Qd6 24. Qxf5 Rd8 25. Rd1 c5 26. Be5 Qc6 27. Qg5 h6 28. Qh4 Ne4 29. Qxd8+ Kh7 30. dxe4 Qxe4 31. Qd3 1-0

[Event "GRE-ch South U10"]
[Site "Athens"]
[Date "2020.08.31"]
[Round "6"]
[White "Pletsias, Dimitrios"]
[Black "Kyriakidis, Orestis"]
[Result "0-1"]
[WhiteElo "1011"]
[BlackElo "1340"]
[PlyCount "60"]
[EventDate "2020.08.28"]
[EventType "swiss"]
[EventRounds "9"]
[EventCountry "GRE"]
[SourceTitle "EXT 2023"]
[Source "ChessBase"]
[SourceDate "2022.10.05"]
[SourceVersion "1"]
[SourceVersionDate "2022.10.05"]
[SourceQuality "1"]

1. e4 e5 2. Nf3 Nc6 3. Bb5 a6 4. Ba4 Nf6 5. d3 b5 6. Bb3 Be7 7. c3 0-0 8. 0-0 d6 9. Re1 d5 10. exd5 Nxd5 11. Nxe5 Nxe5 12. Rxe5 c6 13. Nd2 Bd6 14. Re1 Qh4 15. g3 Qh3 16. Re4 g5 17. Qf1 Qh5 18. Qg2 Bf5 19. Rd4 Rae8 20. g4 Re1+ 21. Nf1 Bxh2+ 22. Qxh2 Rxf1+ 23. Kg2 Rxf2+ 24. Kxf2 Qxh2+ 25. Kf1 Re8 26. Bd1 Qh1+ 27. Kf2 Qxd1 28. gxf5 Re2+ 29. Kg3 Qg1+ 30. Kf3 Qg2# 0-1

[Event "GRE-ch South U10"]
[Site "Athens"]
[Date "2020.08.29"]
[Round "2"]
[White "Pletsias, Dimitrios"]
[Black "Tsimpourakis, Dimitrios"]
[Result "1-0"]
[WhiteElo "1011"]
[BlackElo "1131"]
[PlyCount "131"]
[EventDate "2020.08.28"]
[EventType "swiss"]
[EventRounds "9"]
[EventCountry "GRE"]
[SourceTitle "EXT 2023"]
[Source "ChessBase"]
[SourceDate "2022.10.05"]
[SourceVersion "1"]
[SourceVersionDate "2022.10.05"]
[SourceQuality "1"]

1. e4 c5 2. Nf3 d6 3. d4 cxd4 4. Nxd4 Nf6 5. Nc3 a6 6. Be2 e5 7. Nf3 Nc6 8. 0-0 Be6 9. h3 Qd7 10. Ng5 h6 11. Nxe6 Qxe6 12. Be3 g5 13. Nd5 Rc8 14. Bc4 Kd8 15. Bb6+ Kd7 16. Ba5 Nxd5 17. exd5 Qg6 18. dxc6+ Rxc6 19. Bb3 h5 20. Bc3 Bg7 21. Qd5 f5 22. Qf7+ Qxf7 23. Bxf7 f4 24. Rad1 Ke7 25. Bd5 Rc7 26. f3 Bf6 27. Be4 Rg8 28. Bb4 Rd7 29. Rd2 Rgd8 30. Bf5 Rc7 31. Ba5 Rc6 32. Bxd8+ Kxd8 33. Rfd1 Ke7 34. Rd3 Bg7 35. Be4 Rb6 36. Rb3 Rxb3 37. axb3 b6 38. Bb7 a5 39. Rd5 Kd7 40. Rd3 Kc7 41. Be4 Kd7 42. Rd1 Kc7 43. Ra1 Bf6 44. Ra4 Bd8 45. b4 axb4 46. Rxb4 Kd7 47. Ra4 Ke6 48. c4 Kd7 49. Ra7+ Ke6 50. Ra8 Bc7 51. Rc8 Kd7 52. Bf5+ Kc6 53. Kf2 Kb7 54. Ke2 Kc6 55. Kd3 Kb7 56. Ke4 Kc6 57. b4 Kb7 58. Kd5 Bb8 59. Rxb8+ Kxb8 60. Kxd6 Kb7 61. b5 Ka7 62. Kc7 Ka8 63. Kxb6 Kb8 64. c5 Ka8 65. c6 g4 66. c7 1-0